Countries by a Single Clue #20 - Statistics

General Stats
  • This quiz has been taken 2,379 times
  • The average score is 16 of 20
Answer Stats
Clue Country % Correct
Sold Alaska to the United States Russia
99%
The largest country with land on the equator Brazil
98%
The only country that currently has an emperor Japan
93%
Where the Battle of Marathon took place Greece
90%
Has the northernmost southern point of any country Iceland
88%
The most populous country in Central America Guatemala
87%
Homes here sell for an average of more than $20 million, but at least there’s no income tax Monaco
86%
In the 1960s, the annual floods came to a stop with the construction of the Aswan Dam Egypt
85%
Non-Muslims are completely banned from entering its third largest city Saudi Arabia
85%
Has ATM machines with the option to choose the Latin language Vatican City
80%
Has the world’s highest railway station, with an elevation of 5,068 metres (16,627 ft) China
79%
Notable sculptures include an atom and a little boy peeing Belgium
76%
The second letter in its name is J Djibouti
76%
Once printed a 100 trillion dollar bill Zimbabwe
75%
Located 76 km from Asia, 352 km from Africa, and 760 km from Europe Cyprus
70%
Has the lowest murder rate in the Americas, down over 98% since 2015 El Salvador
70%
More than 5% of its population was killed in 1994 Rwanda
69%
Lee Kwan Yew is often credited for bringing this country from Third Word to First World Singapore
68%
Gives its name to a brand of bottled water drawn from a spring in Viti Levu Fiji
65%
Its main river is the Irrawaddy Myanmar
52%
No matching quizzes found
Score Distribution
Percent of People with Each Score
Percentile by Number Answered
Your Score History
You have not taken this quiz